<?xml version="1.0" encoding="UTF-8"?>
<record
    xmlns:xsi="http://www.w3.org/2001/XMLSchema-instance"
    xsi:schemaLocation="http://www.loc.gov/MARC21/slim http://www.loc.gov/standards/marcxml/schema/MARC21slim.xsd"
    xmlns="http://www.loc.gov/MARC21/slim">

  <leader>01357nam a22002777a 4500</leader>
  <controlfield tag="001">BRCA_9308</controlfield>
  <controlfield tag="003">FranzMayer</controlfield>
  <controlfield tag="005">20230823120702.0</controlfield>
  <controlfield tag="008">230811b        |||||||| |||| 00| 0 eng d</controlfield>
  <datafield tag="040" ind1=" " ind2=" ">
    <subfield code="a">MFM</subfield>
    <subfield code="b">esp</subfield>
    <subfield code="c">MFM</subfield>
  </datafield>
  <datafield tag="050" ind1=" " ind2="0">
    <subfield code="a">BS2549</subfield>
    <subfield code="b">.O76 1672 (LM61)</subfield>
  </datafield>
  <datafield tag="100" ind1="1" ind2=" ">
    <subfield code="4">Autor</subfield>
    <subfield code="a">Ormaza de. Ioseph</subfield>
    <subfield code="9">29009</subfield>
  </datafield>
  <datafield tag="240" ind1=" " ind2=" ">
    <subfield code="a">El sabio y dichoso pol&#xED;tico infeliz</subfield>
    <subfield code="h">del grano del evangelio, Christo S.N. en la Tierra. Seminario de toda la ense&#xF1;anza. Desde que gana nombre hasta sv fvga a Egipto.</subfield>
    <subfield code="l">espa&#xF1;ol</subfield>
  </datafield>
  <datafield tag="245" ind1="0" ind2=" ">
    <subfield code="a">El sabio y dichoso pol&#xED;tico infeliz</subfield>
    <subfield code="b">del grano del evangelio, Christo S.N. en la Tierra. Seminario de toda la ense&#xF1;anza. Desde que gana nombre hasta sv fvga a Egipto.</subfield>
  </datafield>
  <datafield tag="260" ind1=" " ind2=" ">
    <subfield code="a">Segovia</subfield>
    <subfield code="b">Bernardo Hervada</subfield>
    <subfield code="c">1672</subfield>
  </datafield>
  <datafield tag="300" ind1=" " ind2=" ">
    <subfield code="a">512 p</subfield>
    <subfield code="c">30 cm</subfield>
  </datafield>
  <datafield tag="500" ind1=" " ind2=" ">
    <subfield code="a">Ejemplar encuadernado en pergamino y con tiras a los costados.</subfield>
  </datafield>
  <datafield tag="500" ind1=" " ind2=" ">
    <subfield code="a">Fondo antiguo</subfield>
  </datafield>
  <datafield tag="500" ind1=" " ind2=" ">
    <subfield code="a">Ejemplar se encuentra en caja fuerte</subfield>
  </datafield>
  <datafield tag="500" ind1=" " ind2=" ">
    <subfield code="a">LM61</subfield>
  </datafield>
  <datafield tag="501" ind1=" " ind2=" ">
    <subfield code="a">Fondo reservado: para su consulta es necesario credencial de usuario y cartas de motivos.</subfield>
  </datafield>
  <datafield tag="505" ind1=" " ind2=" ">
    <subfield code="a">Texto en: espa&#xF1;olIncluye: &#xED;ndice tem&#xE1;ticoDirigido a: te&#xF3;logos, personas pertenecientes a la religi&#xF3;n cristiana.</subfield>
  </datafield>
  <datafield tag="650" ind1="1" ind2=" ">
    <subfield code="2">Religi&#xF3;n cristiana</subfield>
    <subfield code="a">La biblia</subfield>
    <subfield code="v">Nuevo testamento</subfield>
    <subfield code="9">29010</subfield>
  </datafield>
  <datafield tag="651" ind1="2" ind2=" ">
    <subfield code="2">Especiales del nuevo testamento</subfield>
    <subfield code="a">Evangelios</subfield>
    <subfield code="v">Teolog&#xED;a</subfield>
    <subfield code="9">29011</subfield>
  </datafield>
  <datafield tag="942" ind1=" " ind2=" ">
    <subfield code="2">lcc</subfield>
    <subfield code="c">B</subfield>
  </datafield>
  <datafield tag="999" ind1=" " ind2=" ">
    <subfield code="c">10929</subfield>
    <subfield code="d">10929</subfield>
  </datafield>
  <datafield tag="952" ind1=" " ind2=" ">
    <subfield code="0">0</subfield>
    <subfield code="1">0</subfield>
    <subfield code="2">lcc</subfield>
    <subfield code="4">0</subfield>
    <subfield code="7">0</subfield>
    <subfield code="8">LAR</subfield>
    <subfield code="a">BRCA</subfield>
    <subfield code="b">BRCA</subfield>
    <subfield code="d">2023-08-11</subfield>
    <subfield code="e">Donaci&#xF3;n</subfield>
    <subfield code="l">0</subfield>
    <subfield code="o">BS2549 .O76 1672 (LM61)</subfield>
    <subfield code="p">LAR00194</subfield>
    <subfield code="r">2023-08-11 00:00:00</subfield>
    <subfield code="w">2023-08-11</subfield>
    <subfield code="y">B</subfield>
  </datafield>
</record>
